| 000 | 00500nam a2200181Ia 4500 | ||
|---|---|---|---|
| 008 | 191130s2001##################000#0#eng## | ||
| 020 | _a9780195681666 | ||
| 040 |
_aACL _cACL |
||
| 082 | _a170 BLA | ||
| 100 | _aBlackburn, Simon | ||
| 245 |
_aEthics : a very short introduction _cSimon Blackburn |
||
| 260 |
_aOxford _bOxford University Press _c2001 |
||
| 300 | _a139 p. : ill. ; 18 cm | ||
| 650 | _aEthics | ||
| 990 | _a35a19c7aac10000c662a5aae955ba741 | ||
| 991 | _a288299 | ||
| 999 |
_c261231 _d261231 |
||